| 000 | 00383nam a22001697a 4500 | ||
|---|---|---|---|
| 003 | LK-CoDNM | ||
| 005 | 20250620154800.0 | ||
| 008 | 250620b |||||||| |||| 00| 0 eng d | ||
| 040 |
_aLK-CoDNM _dLK-CoDNM _eLK-CoDNM |
||
| 041 | _apli | ||
| 080 |
_a13 _bB08 |
||
| 245 | _a13B8 | ||
| 300 | _afolls21,22cm | ||
| 650 | _a පුස්කොල | ||
| 650 | _apalm leaf | ||
| 942 | _cPL | ||
| 999 |
_c239794 _d239794 |
||